00820nam a22002177a 4500003000400000005001700004008004100021040005000062245011900112246002900231260003900260300001200299490002400311500006200335650002100397700003700418700002500455942001300480999001500493952009400508OSt20131210103129.0131009b xxu||||| |||| 00| 0 eng d cCentre de Documentació Montserrat Roigbcat00aTelevisiónb: una introducción a la teledifusióncRobert L. Hilliard, compilador ; Tom C. Battin... [et al.] aUnderstanding television aMéxicoc1969bEditores Asociados a365 p.  aDidàctica Moderna aPublicada originàriament per Hastings, Publishers, NY. 049597aTelevisió1 92680aHilliard, Robert L.ecomp.1 94031aBattin, C. Tom 2udccMON c6632d6632 00104070aCDMRbCDMRd2013-01-16l0oFe /18pCDMR13108190Br2013-10-09w2013-10-09yMON